000
00298nam a22001217a 4500
008
160430b xxu||||| |||| 00| 0 eng d
020
_a
13978538496728
020
_a
1005849672
041
_a
eng
080
_a
612.39
245
_a
Nutrition conceptas controversies;
_c
Sizer Whitney;
942
_2
udc
_c
BK
999
_c
1701
_d
1701